[Event "IECC O-3279"]
[Site "IECC email"]
[Date "2011.02.02"]
[Round "?"]
[White "Pinto, Giuseppe"]
[Black "Creaney, Brian Damian"]
[Result "1-0"]
[WhiteElo "1314"]
[BlackElo "1315"]
[PlyCount "45"]
[EventDate "2011.??.??"]
[EventType "swiss (corr)"]
[EventRounds "2"]
[SourceTitle "Telechess CBM 145"]
[Source "Chessbase"]
[SourceDate "2011.11.11"]
[SourceVersion "1"]
[SourceVersionDate "2011.11.11"]
[SourceQuality "1"]
[WhiteTeam "Italy"]
[BlackTeam "Scotland"]
[WhiteTeamCountry "ITA"]
[BlackTeamCountry "SCO"]

1. e4 c5 2. d3 Nc6 3. g3 g6 4. Nf3 e5 5. Be3 d6 6. Nc3 Bh6 7. Qd2 Bxe3 8. fxe3 Bg4 9. Be2 Bxf3 10. Bxf3 Nf6 11. 0-0-0 0-0 12. g4 h6 13. h4 Re8 14. g5 hxg5 15. hxg5 Nh5 16. Bxh5 gxh5 17. Rxh5 Ne7 18. Rdh1 Ng6 19. Qh2 f6 20. Nd5 fxg5 21. Rh8+ Kf7 22. Rf1+ Nf4 23. Rh7+ 1-0

[Event "IECC CL6-2008.07 email"]
[Site "IECC email"]
[Date "2008.09.19"]
[Round "?"]
[White "Cook, Phil"]
[Black "Pinto, Giuseppe"]
[Result "0-1"]
[WhiteElo "1211"]
[BlackElo "1250"]
[PlyCount "34"]
[EventDate "2008.??.??"]
[EventType "tourn (corr)"]
[EventRounds "4"]
[SourceTitle "Corr 2013"]
[Source "ChessBase"]
[SourceDate "2012.11.12"]
[SourceVersion "1"]
[SourceVersionDate "2012.11.12"]
[SourceQuality "1"]
[WhiteTeam "Greece"]
[BlackTeam "Brazil"]
[WhiteTeamCountry "GRE"]
[BlackTeamCountry "BRA"]

1. c4 e5 2. b3 Nf6 3. Bb2 Nc6 4. Nc3 d5 5. cxd5 Nxd5 6. Nxd5 Qxd5 7. e3 Be6 8. Nf3 0-0-0 9. Bc4 Qd6 10. 0-0 f6 11. Rc1 g5 12. d4 g4 13. dxe5 fxe5 14. Nxe5 Nxe5 15. Qxd6 Bxd6 16. Bxe6+ Kb8 17. Bxe5 Bxe5 0-1

[Event "IECC CL6-2008.07 email"]
[Site "IECC email"]
[Date "2008.09.19"]
[Round "?"]
[White "Pinto, Giuseppe"]
[Black "Copin, Jean Christophe"]
[Result "1-0"]
[WhiteElo "1230"]
[BlackElo "1335"]
[PlyCount "39"]
[EventDate "2008.??.??"]
[EventType "tourn (corr)"]
[EventRounds "4"]
[SourceTitle "Corr 2013"]
[Source "ChessBase"]
[SourceDate "2012.11.12"]
[SourceVersion "1"]
[SourceVersionDate "2012.11.12"]
[SourceQuality "1"]
[WhiteTeam "Greece"]
[BlackTeam "Brazil"]
[WhiteTeamCountry "GRE"]
[BlackTeamCountry "BRA"]

1. e4 e6 2. d4 d5 3. Nc3 Nf6 4. Bd3 c5 5. dxc5 Bxc5 6. e5 Ne4 7. Bxe4 Qb6 8. Nh3 dxe4 9. 0-0 e3 10. Na4 exf2+ 11. Nxf2 Bxf2+ 12. Rxf2 Qb5 13. c4 Qd7 14. Bf4 0-0 15. b3 Qe7 16. Nc3 b6 17. Ne4 h6 18. Nf6+ gxf6 19. Qg4+ Kh7 20. Bxh6 1-0

[Event "IECC Swiss-532.3"]
[Site "IECC email"]
[Date "2008.09.08"]
[Round "?"]
[White "Pinto, Giuseppe"]
[Black "Tsiapouris, Michael"]
[Result "1/2-1/2"]
[WhiteElo "1283"]
[BlackElo "1701"]
[PlyCount "67"]
[EventDate "2008.??.??"]
[EventType "tourn (corr)"]
[EventRounds "1"]
[SourceTitle "Corr 2011"]
[Source "ChessBase"]
[SourceDate "2010.08.31"]
[SourceVersion "1"]
[SourceVersionDate "2010.08.31"]
[SourceQuality "1"]
[WhiteTeam "Italy"]
[BlackTeam "Greece"]
[WhiteTeamCountry "ITA"]
[BlackTeamCountry "GRE"]

1. e4 d6 2. Nc3 Nf6 3. d4 g6 4. Nf3 Bg7 5. Be3 a6 6. Qd2 b5 7. 0-0-0 b4 8. Nd5 Nxe4 9. Qxb4 e6 10. Qb3 Nd7 11. Bd3 Rb8 12. Nb4 Bb7 13. Qa4 Nef6 14. Bxa6 Qc8 15. Rhe1 Ra8 16. Bxb7 Qxb7 17. Qc6 Qxc6 18. Nxc6 Rxa2 19. Nb4 Ra4 20. Nc6 0-0 21. b3 Ra6 22. Nb4 Rb6 23. Nd3 Nd5 24. Bg5 c5 25. dxc5 dxc5 26. Nf4 Ra8 27. Nxd5 exd5 28. Re3 Ra1+ 29. Kd2 Rxd1+ 30. Kxd1 Re6 31. Ke2 Nf6 32. c4 dxc4 33. bxc4 Ne4 34. Bf4 1/2-1/2

[Event "IECC O-2695"]
[Site "IECC email"]
[Date "2007.11.08"]
[Round "?"]
[White "Beatty, Vincent"]
[Black "Pinto, Giuseppe"]
[Result "1/2-1/2"]
[WhiteElo "1166"]
[BlackElo "1176"]
[PlyCount "57"]
[EventDate "2007.??.??"]
[EventType "swiss (corr)"]
[EventRounds "2"]
[SourceTitle "Corr 2011"]
[Source "ChessBase"]
[SourceDate "2010.08.31"]
[SourceVersion "1"]
[SourceVersionDate "2010.08.31"]
[SourceQuality "1"]
[WhiteTeam "US of America"]
[BlackTeam "South Africa"]
[WhiteTeamCountry "USA"]
[BlackTeamCountry "RSA"]

1. Nf3 d5 2. g3 Nf6 3. Bg2 e6 4. d3 Bc5 5. Bf4 0-0 6. 0-0 Nc6 7. Nbd2 Ng4 8. Nb3 Bd6 9. Bxd6 Qxd6 10. d4 e5 11. dxe5 Ncxe5 12. Nxe5 Qxe5 13. c3 Be6 14. Nd4 Bd7 15. Nf3 Qd6 16. Ng5 Nf6 17. Qd4 Rae8 18. e4 dxe4 19. Rfd1 Qxd4 20. cxd4 e3 21. fxe3 Rxe3 22. Kf2 Ng4+ 23. Kg1 h6 24. Nf3 Re2 25. Rd2 Rfe8 26. Rxe2 Rxe2 27. b3 Bc6 28. Ne1 Ne3 29. Bxc6 1/2-1/2

[Event "IECC O-2469"]
[Site "IECC email"]
[Date "2006.10.25"]
[Round "?"]
[White "Pinto, Giuseppe"]
[Black "Mugica, Emiliano"]
[Result "1-0"]
[WhiteElo "1151"]
[BlackElo "1240"]
[PlyCount "83"]
[EventDate "2006.??.??"]
[EventType "swiss (corr)"]
[EventRounds "2"]
[SourceTitle "Corr 2008"]
[Source "ChessBase"]
[SourceDate "2008.06.24"]
[SourceVersion "1"]
[SourceVersionDate "2008.06.24"]
[SourceQuality "1"]

1. e4 e5 2. Nf3 Nc6 3. Bb5 a6 4. Ba4 Nf6 5. Nc3 Nd4 6. Nxe5 Bc5 7. d3 b5 8. Bb3 Nxb3 9. cxb3 b4 10. Nd5 Nxd5 11. exd5 d6 12. Be3 dxe5 13. Bxc5 Qxd5 14. Bxb4 Qxg2 15. Kd2 Qxf2+ 16. Qe2 Qxe2+ 17. Kxe2 Bg4+ 18. Kd2 0-0-0 19. Be7 Rd7 20. Rhg1 Bf5 21. Bc5 Bxd3 22. Rxg7 Bg6+ 23. Ke1 Rhd8 24. Bb4 f5 25. Rxd7 Rxd7 26. Bc3 e4 27. Bd2 Rd3 28. Bf4 e3 29. Rc1 Rd7 30. Bxe3 Re7 31. Kf2 Re4 32. Bb6 Re7 33. Kf3 Rf7 34. Kf4 Kb7 35. Bd4 Bh5 36. Bf2 c6 37. a4 Kc7 38. Rc5 Bd1 39. Ra5 Kb7 40. b4 Bc2 41. b5 axb5 42. Ra7+ 1-0

[Event "TH-S-0192"]
[Site "IECC email"]
[Date "2006.08.09"]
[Round "?"]
[White "Pinto, Giuseppe"]
[Black "Von Rosenberg, Clemens"]
[Result "1/2-1/2"]
[WhiteElo "1179"]
[BlackElo "1417"]
[PlyCount "68"]
[EventDate "2006.??.??"]
[EventType "tourn (corr)"]
[SourceTitle "Corr 2020"]
[Source "ChessBase"]
[SourceDate "2019.09.30"]
[SourceVersion "1"]
[SourceVersionDate "2019.09.30"]
[SourceQuality "1"]
[WhiteTeam "Italy"]
[BlackTeam "Germany"]
[WhiteTeamCountry "ITA"]
[BlackTeamCountry "GER"]

1. e4 c6 2. d4 d5 3. Nc3 dxe4 4. Nxe4 Bf5 5. Ng3 Bg6 6. h4 h6 7. Nf3 Nd7 8. h5 Bh7 9. Bd3 Bxd3 10. Qxd3 Qc7 11. Bd2 e6 12. 0-0-0 Ngf6 13. Ne4 0-0-0 14. g3 Nc5 15. Nxc5 Bxc5 16. Ne5 Rxd4 17. Qc3 Qxe5 18. f4 Qd5 19. Be3 Qxa2 20. Bxd4 Ne4 21. Qa3 Bxa3 22. bxa3 Nxg3 23. Rhe1 Rd8 24. Bxg7 Qxa3+ 25. Bb2 Rxd1+ 26. Rxd1 Qf3 27. Be5 Nxh5 28. Rd3 Qe4 29. Rd4 Qe3+ 30. Kd1 Nxf4 31. Bf6 Qe2+ 32. Kc1 Qe1+ 33. Kb2 Nd5 34. Bg7 Qc3+ 1/2-1/2